The historic environment (Record no. 102118)

MARC details
000 -LEADER
fixed length control field 01197cad a22002535a 4500
001 - CONTROL NUMBER
control field J118224
008 - FIXED-LENGTH DATA ELEMENTS--GENERAL INFORMATION
fixed length control field 020529s2001 xxk 000 0 eng u
035 ## - SYSTEM CONTROL NUMBER
System control number (Sirsi) u118224
050 ## - LIBRARY OF CONGRESS CALL NUMBER
Classification number 711.52
110 ## - MAIN ENTRY--CORPORATE NAME
Corporate name or jurisdiction name as entry element Department for Culture, Media and Sport
Location of meeting Architecture and Historic Environment Division
9 (RLIN) 4252
245 04 - TITLE STATEMENT
Title The historic environment
Remainder of title a force for our future
Medium [electronic resource]
260 ## - PUBLICATION, DISTRIBUTION, ETC.
Place of publication, distribution, etc. London
Name of publisher, distributor, etc. DCMS
Date of publication, distribution, etc. 2001
300 ## - PHYSICAL DESCRIPTION
Extent 58p.
Dimensions 30cm.
350 ## - PRICE (NR) (BK AM CF MU VM SE) [OBSOLETE]
Price 0
490 ## - SERIES STATEMENT
Series statement PP
Volume/sequential designation 378
520 ## - SUMMARY, ETC.
Summary, etc. A statement marking the conclusion of the government review of policies and structures surrounding the conservation of the historic environment and considering future developments.
650 ## - SUBJECT ADDED ENTRY--TOPICAL TERM
Topical term or geographic name entry element BUILT HERITAGE
650 ## - SUBJECT ADDED ENTRY--TOPICAL TERM
Topical term or geographic name entry element HISTORIC ENVIRONMENT
650 ## - SUBJECT ADDED ENTRY--TOPICAL TERM
Topical term or geographic name entry element TOURISM
690 ## - LOCAL SUBJECT ADDED ENTRY--TOPICAL TERM (OCLC, RLIN)
Topical term or geographic name as entry element BUILT ENVIRONMENT-BUILDING MAINTENANCE AND REFURBISHMENT-BUILDING CONSERVATION
710 ## - ADDED ENTRY--CORPORATE NAME
Corporate name or jurisdiction name as entry element Department for Transport, Local Government and the Regions
9 (RLIN) 4091
856 41 - ELECTRONIC LOCATION AND ACCESS
Uniform Resource Identifier <a href="https://webarchive.nationalarchives.gov.uk/+/http:/www.culture.gov.uk/Reference_library/Publications/archive_2001/his_force_future.htm">https://webarchive.nationalarchives.gov.uk/+/http:/www.culture.gov.uk/Reference_library/Publications/archive_2001/his_force_future.htm</a>
Public note View the item free of charge at http://webarchive.nationalarchives.gov.uk
942 ## - ADDED ENTRY ELEMENTS (KOHA)
Suppress in OPAC 0
Holdings
Withdrawn status Lost status Source of classification or shelving scheme Damaged status Not for loan Home library Current library Shelving location Date acquired Total Checkouts Full call number Barcode Date last seen Copy number Price effective from Koha item type
    Dewey Decimal Classification     London London Folio 29/05/2002   F711.52 DEP 30065926 06/08/2019 1 06/08/2019 Book
    Dewey Decimal Classification     Virtual Virtual Online 01/11/2010   ONLINE PUBLICATION 118224-2001 06/08/2019 1 06/08/2019 Book